Statistics for Five Countries with the Most Expatriates by Country

Click here to take the quiz!

General Stats

  • This quiz has been taken 1,559 times
  • The average score is 23 of 32

Answer Stats

CountriesRank(s)Answer% Correct
United States1Mexico
98%
United States, Australia5, 1United Kingdom
98%
Spain, Morocco2, 1France
97%
United States, United Kingdom, Australia, Germany2, 4, 5, 4Canada
95%
Morocco4Italy
91%
Brazil4Portugal
89%
Russia, Spain5, 4Germany
89%
United Kingdom, Brazil, Morocco2, 5, 3Spain
89%
Australia4New Zealand
86%
Spain, Germany1, 3Argentina
85%
Brazil2Japan
84%
United Kingdom, Australia, Russia, India, Germany, Brazil, Egpyt3, 2, 3, 2, 1, 1, 2United States
84%
United Kingdom1Australia
82%
United Kingdom5Ireland
81%
Russia1Ukraine
80%
India, Egypt5, 3Saudi Arabia
76%
Spain, Germany5, 2Brazil
75%
India4United Arab Emirates
69%
United States, Morocco4, 2Israel
68%
United States3Philippines
63%
Russia2Kazakhstan
61%
Germany5South Africa
61%
Australia3Greece
60%
Egypt1Libya
58%
Morocco5Belgium
53%
India3Malaysia
47%
India1Nepal
46%
Spain3Venezuela
43%
Russia4Uzbekistan
41%
Egypt4Jordan
38%
Egypt5Kuwait
37%
Brazil3Paraguay
30%

Score Distribution

Percentile by Number Answered

Percent of People with Each Score

Your Score History

You have not taken this quiz